[Event "38th TCh-GRE DivA"]
[Site "Peristeri GRE"]
[Date "2010.07.09"]
[Round "5"]
[White "Souleidis,G"]
[Black "Ninov,N"]
[Result "0-1"]
[WhiteElo "2410"]
[BlackElo "2512"]
[EventDate "2010.07.05"]

1. e4 c5 2. Nf3 d6 3. d4 Nf6 4. dxc5 Qa5+ 5. Nc3 Qxc5 6. Be2 Bg4 7. Be3 Qc8
8. h3 Bxf3 9. Bb5+ Nc6 10. Qxf3 a6 11. Ba4 b5 12. Bb3 e6 13. O-O Be7 14.
Rfd1 O-O 15. Bf4 Rd8 16. Rd2 Ra7 17. Rad1 Rad7 18. g4 h6 19. a3 Qb7 20. Qe2
Ne8 21. Bg3 Na5 22. f4 Nxb3 23. cxb3 Bf6 24. Bf2 Bxc3 25. bxc3 Nf6 26. Rd4
d5 27. exd5 exd5 28. R4d3 Ne4 29. Bd4 Qc6 30. Re3 Re8 31. Re1 Qd6 32. Qf3
Qxa3 33. b4 Qa2 34. g5 Re6 35. h4 hxg5 36. hxg5 Rde7 37. R1e2 Qb1+ 38. Kg2
Qd1 39. Qg4 Nxc3 40. Be5 Nxe2 41. Rxe2 d4 0-1

[Event "38th TCh-GRE DivA"]
[Site "Peristeri GRE"]
[Date "2010.07.09"]
[Round "5"]
[White "Vuilleumier,A"]
[Black "Zahariev,Z"]
[Result "1/2-1/2"]
[WhiteElo "2361"]
[BlackElo "2387"]
[EventDate "2010.07.05"]

1. e4 c5 2. Nf3 d6 3. d4 cxd4 4. Nxd4 Nf6 5. Nc3 a6 6. Be3 e6 7. Be2 Qc7 8.
O-O b5 9. a4 b4 10. Na2 d5 11. exd5 Nxd5 12. Bd2 Bd6 13. Nf3 Nd7 14. c4
bxc3 15. Nxc3 N7f6 16. Nxd5 Nxd5 17. Qc1 Qxc1 18. Rfxc1 Bb7 19. a5 Ke7 20.
Ra4 Rhc8 21. Rac4 Rxc4 22. Rxc4 Rc8 23. Ng5 Rxc4 24. Bxc4 Bb4 25. Bxd5 Bxd2
26. Bxb7 Bxg5 27. Bxa6 Bd2 28. Bd3 Bxa5 29. Kf1 g6 30. Ke2 Kd6 31. Bb5
1/2-1/2

[Event "38th TCh-GRE DivA"]
[Site "Peristeri GRE"]
[Date "2010.07.09"]
[Round "5"]
[White "Kalaitzoglou,P"]
[Black "Kouvatsos,F"]
[Result "1/2-1/2"]
[WhiteElo "2201"]
[BlackElo "2144"]
[EventDate "2010.07.05"]

1. e4 c6 2. c4 d5 3. cxd5 cxd5 4. exd5 Nf6 5. Bb5+ Nbd7 6. Nc3 a6 7. Be2
Nb6 8. Bf3 Nbxd5 9. d4 e6 10. Nge2 Be7 11. O-O O-O 12. Nf4 Nxc3 13. bxc3
Qc7 14. Qb3 Bd6 15. g3 Rb8 16. c4 b6 17. Nd3 Bb7 18. Bxb7 Qxb7 19. c5 Bc7
20. Rb1 Qf3 21. Nb4 Qa8 22. Qc2 a5 23. cxb6 Rxb6 24. Qxc7 Rxb4 25. Ba3 Rc8
26. Qe5 Rxb1 27. Rxb1 Nd5 28. Bc5 h6 29. a3 Nc3 30. Rb2 Ne4 31. h4 Nf6 32.
Qe2 Rb8 33. Rb5 Rxb5 34. Qxb5 Nd5 35. Qb3 Nf6 36. Qb5 Ne4 37. Bb6 Qc8 38.
Qxa5 Qc1+ 39. Kg2 Nd2 40. Qa8+ Kh7 41. Kh2 Qd1 42. Qa6 Nf3+ 43. Kg2 Nxh4+
44. gxh4 Qg4+ 1/2-1/2

[Event "38th TCh-GRE DivA"]
[Site "Peristeri GRE"]
[Date "2010.07.09"]
[Round "5"]
[White "Kouvatsou,M"]
[Black "Stiri,A"]
[Result "1/2-1/2"]
[WhiteElo "2185"]
[BlackElo "2215"]
[EventDate "2010.07.05"]

1. e4 c5 2. c3 d5 3. exd5 Qxd5 4. d4 Nf6 5. Nf3 Bg4 6. Be2 e6 7. h3 Bh5 8.
O-O Nc6 9. Be3 cxd4 10. Nxd4 Bxe2 11. Qxe2 Bc5 12. Nb5 O-O-O 13. a4 Qe5 14.
Nd2 Bxe3 15. Nc4 Bxf2+ 16. Qxf2 Qd5 17. Nxa7+ Kb8 18. Nxc6+ Qxc6 19. b3 Rd5
20. Rad1 Qc5 21. Rxd5 Qxf2+ 22. Rxf2 exd5 23. Nd6 Rf8 24. Re2 Kc7 25. Nb5+
Kd7 26. Re5 Re8 27. Rxe8 Nxe8 28. Kf2 Kc6 29. Ke3 Nf6 30. Nd4+ Kc5 31. Nf5
g6 32. Nd4 Ne4 33. Kd3 Nf2+ 34. Kc2 Ne4 35. Nb5 Ng5 36. b4+ Kb6 37. Nd4 Ne6
38. Ne2 f5 39. Kd3 Kc7 40. a5 Kd6 41. h4 h6 1/2-1/2

[Event "38th TCh-GRE DivA"]
[Site "Peristeri GRE"]
[Date "2010.07.09"]
[Round "5"]
[White "Hristodoulaki,A"]
[Black "Fragaki,M"]
[Result "1-0"]
[WhiteElo "1862"]
[BlackElo "1935"]
[EventDate "2010.07.05"]

1. e4 c5 2. Nf3 b6 3. d4 cxd4 4. Nxd4 Bb7 5. Nc3 a6 6. Bd3 e6 7. O-O Qc7 8.
Kh1 Nf6 9. Qe2 d6 10. f4 Nbd7 11. Bd2 h5 12. Rae1 h4 13. Rf2 Nh5 14. Rf3
Qd8 15. Rh3 Be7 16. g4 Nhf6 17. g5 Ng8 18. Qg4 Qc7 19. Rxh4 Rxh4 20. Qxh4
O-O-O 21. Qh7 Qc5 22. Be3 Qb4 23. Rb1 d5 24. e5 Bxg5 25. fxg5 Nxe5 26. Qxg7
Nc6 27. Bxa6 Bxa6 28. Nxc6 Qg4 29. Qe5 Qf3+ 30. Kg1 Qg4+ 31. Kf2 Qh4+ 32.
Qg3 Qxg3+ 33. Kxg3 Rd6 34. Na7+ Kb7 35. Nab5 Rd7 36. Bf4 Ne7 37. Nd6+ Kc6
38. b4 b5 39. a4 Rxd6 40. axb5+ Bxb5 41. Bxd6 Nf5+ 42. Kg4 Nxd6 43. Nxb5
Kxb5 44. h4 Nc4 45. h5 Ne3+ 46. Kf4 Nxc2 47. h6 1-0

[Event "38th TCh-GRE DivA"]
[Site "Peristeri GRE"]
[Date "2010.07.09"]
[Round "5"]
[White "Schut,L"]
[Black "Tsarouha,Ma"]
[Result "1-0"]
[WhiteElo "2286"]
[BlackElo "1764"]
[EventDate "2010.07.05"]

1. e4 c5 2. Nf3 e6 3. d4 cxd4 4. Nxd4 a6 5. c4 d6 6. Nc3 Nf6 7. Be2 Be7 8.
O-O Qc7 9. Be3 O-O 10. Qd2 b6 11. f3 Bb7 12. Rfc1 Nbd7 13. b4 Rac8 14. Bf1
Qb8 15. Rab1 Rfd8 16. Kh1 Qa8 17. Na4 d5 18. exd5 exd5 19. Nf5 Bf8 20. Nxb6
Nxb6 21. Bxb6 Rd7 22. c5 d4 23. Nxd4 Nd5 24. Ba5 Be7 25. Nf5 Bf8 26. Ne3 h6
27. Bc4 Be7 28. c6 Bxc6 29. Bxd5 Bg5 30. Bxc6 Rxd2 31. Bxa8 Rxa8 32. Re1
Rxa2 33. Nd5 Rc8 34. Ne7+ Bxe7 35. Rxe7 Rcc2 36. Rg1 Rc6 37. Rc7 Re6 38.
Rb7 Rb2 39. Bc7 Kf8 40. Rd1 Kg8 41. Rb6 Rxb6 42. Bxb6 Rxb4 43. Bg1 Ra4 44.
h3 Kf8 45. Rd7 Ke8 46. Ra7 Ra1 47. Kh2 g6 48. Bc5 Ra5 49. Re7+ Kf8 50. Re5+
Kg8 51. Bd4 Rxe5 52. Bxe5 a5 53. Kg3 a4 54. Kf4 a3 55. Ba1 a2 56. Ke5 Kg7
57. Kd6+ Kh7 58. Ke7 f5 59. Kf6 f4 60. Ke5 g5 61. Ke4 1-0

[Event "38th TCh-GRE DivA"]
[Site "Peristeri GRE"]
[Date "2010.07.09"]
[Round "5"]
[White "Kazakos,E"]
[Black "Papadogiannis,S"]
[Result "0-1"]
[WhiteElo "2054"]
[BlackElo "1946"]
[EventDate "2010.07.05"]

1. e4 c5 2. Nf3 d6 3. d4 cxd4 4. Nxd4 Nf6 5. Nc3 a6 6. Bg5 e6 7. f4 Qb6 8.
Nb3 Nc6 9. Qf3 Bd7 10. O-O-O Rc8 11. Bd3 Nb4 12. e5 Nfd5 13. Nxd5 Nxd5 14.
Rhe1 h6 15. Bh4 dxe5 16. fxe5 Bb4 17. Re4 Be7 18. Rf1 Rf8 19. Bxe7 Kxe7 20.
Qg3 Nb4 21. Kb1 Nxd3 22. Qxd3 Bb5 23. c4 Rfd8 24. Qf3 Be8 25. Qg3 Qc6 26.
Rh4 g5 27. Rxh6 Qe4+ 28. Ka1 Kd7 29. Qxg5 Kc7 30. Rh4 Qe2 31. Rc1 Ba4 32.
Nd4 Qd3 33. Qf4 Kb8 34. Nf3 Bc6 35. Rh3 Qe2 36. Nh4 Bxg2 37. Nxg2 Qxg2 38.
Rhc3 Rd2 39. Rb3 Rf2 40. Qd4 Qxh2 41. Qd6+ Ka8 42. Qd7 Rb8 43. Qd4 Rd2 44.
Qe4 Re2 45. Qf3 Qxe5 46. Qxf7 Re1 47. Rbc3 Qe3 48. Rb1 Qg1 49. Qh7 Rd8 50.
a3 Rxb1+ 51. Ka2 Ra1+ 52. Kb3 Qb6+ 53. Kc2 Rad1 54. Qh6 R8d2+ 55. Qxd2
Rxd2+ 56. Kxd2 Qxb2+ 57. Kd3 Kb8 58. c5 Kc7 59. Kc4 Kc6 60. Rb3 Qc2+ 0-1

[Event "38th TCh-GRE DivA"]
[Site "Peristeri GRE"]
[Date "2010.07.09"]
[Round "5"]
[White "Liodakis,K"]
[Black "Hnaras,F"]
[Result "1-0"]
[WhiteElo "1909"]
[BlackElo "1551"]
[EventDate "2010.07.05"]

1. d4 d5 2. c4 e6 3. Nc3 Nf6 4. cxd5 exd5 5. Bg5 Nbd7 6. e3 Be7 7. Bd3 h6
8. Bh4 c6 9. Qc2 O-O 10. Nge2 Re8 11. O-O Ne4 12. Bxe4 Bxh4 13. Bd3 Be7 14.
f3 Nf6 15. e4 dxe4 16. fxe4 Ng4 17. Rf3 Bg5 18. Nd1 Nf6 19. h3 Be6 20. Ndc3
Rc8 21. Raf1 Rc7 22. b3 b6 23. Kh1 Rf8 24. Qb1 Re8 25. Rd1 Rd7 26. b4 a6
27. a4 Qa8 28. b5 axb5 29. axb5 Ra7 30. bxc6 Qb8 31. d5 Bc8 32. Nb5 Ra5 33.
d6 Ba6 34. Ned4 Rf8 35. e5 Nd5 36. c7 Qc8 37. Bf5 1-0

[Event "38th TCh-GRE DivA"]
[Site "Peristeri GRE"]
[Date "2010.07.09"]
[Round "5"]
[White "Argiroudis,S"]
[Black "Ragger,M"]
[Result "0-1"]
[WhiteElo "2315"]
[BlackElo "2614"]
[EventDate "2010.07.05"]

1. d4 Nf6 2. Nf3 d5 3. c4 e6 4. g3 dxc4 5. Bg2 a6 6. O-O b5 7. a4 Bb7 8. b3
cxb3 9. axb5 axb5 10. Qxb3 b4 11. Rxa8 Bxa8 12. Bd2 Bd5 13. Qa4+ Qd7 14.
Qa7 Nc6 15. Qa8+ Nd8 16. Qb8 Bd6 17. Ne5 Qa4 18. Bxd5 exd5 19. Qc8 O-O 20.
Qf5 Ne6 21. Be3 Qa2 22. Ng4 Ne4 23. f3 g6 24. Nh6+ Kg7 25. Qh3 N4g5 26. Qg2
f5 27. h4 Nf7 28. Nxf7 Rxf7 29. f4 Re7 30. Bf2 Nf8 31. e3 Nd7 32. g4 fxg4
33. Qxg4 Nf6 34. Qd1 Ne4 35. Be1 b3 36. Nd2 Qc2 37. Qxc2 bxc2 38. Nb3 Ba3
39. Bf2 Nc3 0-1

[Event "38th TCh-GRE DivA"]
[Site "Peristeri GRE"]
[Date "2010.07.09"]
[Round "5"]
[White "Tsiamis,K"]
[Black "Ilandzis,S"]
[Result "1/2-1/2"]
[WhiteElo "2290"]
[BlackElo "2200"]
[EventDate "2010.07.05"]

1. d4 e6 2. e4 b6 3. Bd3 Bb7 4. Qe2 Nf6 5. Nd2 c5 6. dxc5 Bxc5 7. Ngf3 Nc6
8. c3 Ng4 9. O-O Nge5 10. Bc2 a5 11. Ba4 O-O 12. Nxe5 Nxe5 13. Nb3 f5 14.
Nxc5 bxc5 15. Bf4 Ng6 16. Bd6 Rf7 17. Bc2 f4 18. f3 Ba6 19. c4 Qb6 20. e5
Qxb2 21. Bd3 Qxe2 22. Bxe2 Nh4 23. Bd3 Nf5 24. Bxf5 Rxf5 25. Rfc1 Bb7 26.
Rab1 Bc6 27. Kf2 g5 28. Re1 Rc8 29. Rb8 Rxb8 30. Bxb8 Rf8 31. Bd6 Rc8 32.
Rb1 Kf7 33. Rb6 Kg6 34. Ra6 a4 35. a3 Kf5 36. h3 h5 37. Rb6 Rg8 38. Rb8
Rxb8 39. Bxb8 Bb7 40. Ke2 Ba6 41. Kd3 g4 42. h4 Bb7 43. Ke2 Bc6 44. Bd6 Bb7
45. Bb8 Kg6 46. Bd6 Kf5 47. Bb8 1/2-1/2

[Event "38th TCh-GRE DivA"]
[Site "Peristeri GRE"]
[Date "2010.07.09"]
[Round "5"]
[White "Kounalakis,E"]
[Black "Sismanis,A"]
[Result "1/2-1/2"]
[WhiteElo "2142"]
[BlackElo "2226"]
[EventDate "2010.07.05"]

1. d4 d5 2. Nf3 Nf6 3. Bg5 c6 4. c3 Bf5 5. Nbd2 Nbd7 6. Nh4 Be6 7. Qc2 h6
8. Bxf6 Nxf6 9. g3 Qc8 10. Bg2 Bh3 11. O-O Bxg2 12. Kxg2 e6 13. e4 dxe4 14.
Nxe4 Be7 15. Nf3 O-O 16. Ne5 Qc7 17. Rfe1 Nxe4 18. Qxe4 c5 19. Rad1 cxd4
20. Rxd4 Rad8 21. Red1 Rxd4 22. Rxd4 Rd8 23. f4 Qb6 24. Rxd8+ Bxd8 25. b3
Bc7 26. Nc4 Qb5 27. Qf3 a5 28. Nd2 a4 29. c4 Qd7 30. Nf1 b5 31. cxb5 Qxb5
32. Qa8+ Kh7 33. Qe4+ g6 34. Qf3 Bb6 35. Nd2 Qc5 36. Nc4 Qg1+ 37. Kh3 Bc5
38. Ne5 axb3 39. axb3 Qb1 40. Qd3 Qxd3 41. Nxd3 Bd4 42. Kg4 Kg7 43. Kf3 f5
44. Nb4 Kf6 45. Nc6 Bb6 46. b4 g5 47. h3 Bc7 48. b5 h5 49. Ke3 Bb6+ 50. Kf3
g4+ 51. Kg2 Kf7 52. Ne5+ Ke7 53. Nc4 Bd4 54. hxg4 hxg4 55. Kf1 Kd7 1/2-1/2

[Event "38th TCh-GRE DivA"]
[Site "Peristeri GRE"]
[Date "2010.07.09"]
[Round "5"]
[White "Hristodoulou,P"]
[Black "Psomiadis,S"]
[Result "1-0"]
[WhiteElo "2149"]
[BlackElo "2195"]
[EventDate "2010.07.05"]

1. e4 e5 2. Nf3 Nc6 3. Bb5 a6 4. Ba4 Nf6 5. Qe2 b5 6. Bb3 Be7 7. O-O O-O 8.
c3 d6 9. Rd1 Na5 10. Bc2 c5 11. d4 Qc7 12. d5 Bd7 13. b3 Rfb8 14. h3 c4 15.
b4 Nb7 16. a4 a5 17. axb5 Bxb5 18. Na3 Be8 19. Qxc4 Qd8 20. Bd2 Rc8 21. Qd3
axb4 22. cxb4 h6 23. Rdc1 Nh7 24. Be3 Ng5 25. Nd2 Bd7 26. Ndc4 f5 27. Nb6
fxe4 28. Qe2 Bf5 29. Nxc8 Rxc8 30. Ba4 Rb8 31. Nc4 Qf8 32. Nd2 Qf6 33. Kh2
Qg6 34. Rc4 Rf8 35. Bxg5 Bxg5 36. Nxe4 Bf4+ 37. g3 Bxe4 38. Rxe4 Bg5 39.
Bc2 Qf7 40. Kg2 Nd8 41. Bb3 Qc7 42. Ra2 Nf7 43. b5 Bd8 44. Rb4 Ng5 45. b6
Qc5 46. Qb5 Qc1 47. b7 Bc7 48. Qc4 Qb1 49. Qc2 Qe1 50. Qd2 Rxf2+ 51. Qxf2
Qxb4 52. Ra8+ Kh7 53. Qf5+ 1-0

[Event "38th TCh-GRE DivA"]
[Site "Peristeri GRE"]
[Date "2010.07.09"]
[Round "5"]
[White "Dimitriadi,A"]
[Black "Ikonomopoulou,M"]
[Result "0-1"]
[WhiteElo "1895"]
[BlackElo "2066"]
[EventDate "2010.07.05"]

1. d4 Nf6 2. Nf3 e6 3. c4 b6 4. Nc3 Bb7 5. e3 Be7 6. Bd3 d5 7. O-O O-O 8.
Qe2 c5 9. Rd1 Nc6 10. dxc5 bxc5 11. cxd5 exd5 12. b3 Re8 13. Ba6 Bxa6 14.
Qxa6 Nb4 15. Qa4 a5 16. Bb2 Rb8 17. a3 Na6 18. Rab1 Bf8 19. Ba1 Re6 20. Qh4
Be7 21. Qg3 Bd6 22. Qg5 h6 23. Qf5 Nc7 24. Qc2 Qe8 25. Rd3 Qc6 26. Rbd1 Qb7
27. Ne2 Ne4 28. Ng3 Nxg3 29. hxg3 Qb5 30. Rc1 Rbe8 31. Qd2 Qd7 32. Qxa5 Qe7
33. Qc3 f5 34. Rcd1 Re4 35. Nd2 Rg4 36. Nf3 h5 37. Nh4 Rf8 38. Qd2 f4 39.
exf4 Bxf4 40. Qc2 Bd6 41. R3d2 Qf7 42. a4 Na6 43. Bc3 d4 44. Ba5 Kh8 45.
Rc1 Bf4 46. gxf4 Rxh4 47. Rd3 Qxf4 48. Rg3 d3 49. Rxd3 Qh2+ 50. Kf1 Qh1+
51. Ke2 Qxg2 52. Be1 Re4+ 53. Kd1 Qg4+ 54. f3 Rxf3 55. Rd8+ Rf8+ 0-1

[Event "38th TCh-GRE DivA"]
[Site "Peristeri GRE"]
[Date "2010.07.09"]
[Round "5"]
[White "Magklara,E"]
[Black "Vafiadou,A"]
[Result "1/2-1/2"]
[WhiteElo "1726"]
[BlackElo "1624"]
[EventDate "2010.07.05"]

1. e4 Nf6 2. e5 Nd5 3. Nc3 Nxc3 4. dxc3 d6 5. Nf3 Bg4 6. Bf4 Nc6 7. Bb5 e6
8. h3 Bxf3 9. Qxf3 Qd7 10. O-O-O O-O-O 11. Be3 Kb8 12. Bxc6 bxc6 13. Qe2
Qc8 14. Qc4 Qb7 15. Qf4 Rd7 16. Qa4 Be7 17. Rd4 d5 18. Rg4 Rg8 19. c4 h5
20. cxd5 exd5 21. Rf4 Rf8 22. Rd1 a6 23. Rc4 Qb5 24. Qxb5+ cxb5 25. Rcd4 c6
26. Bf4 Kb7 27. R4d3 Bc5 28. Be3 Bxe3+ 29. Rxe3 Re8 30. f4 1/2-1/2

[Event "38th TCh-GRE DivA"]
[Site "Peristeri GRE"]
[Date "2010.07.09"]
[Round "5"]
[White "Georgiou,N"]
[Black "Konstantinidis,K"]
[Result "1/2-1/2"]
[WhiteElo "1776"]
[BlackElo "2000"]
[EventDate "2010.07.05"]

1. e4 d6 2. d4 Nf6 3. Nc3 g6 4. Nf3 Bg7 5. Bg5 c6 6. h3 O-O 7. Qd2 b5 8.
Qe3 Qa5 9. Bd3 Re8 10. O-O e5 11. dxe5 dxe5 12. Rfd1 Nbd7 13. Bf1 Qc7 14.
Rd2 Nf8 15. Rad1 Ne6 16. Re1 Nd7 17. Bh6 a5 18. Bxg7 Kxg7 19. Red1 Ndf8 20.
Ne2 Bb7 21. Nc1 f6 22. Nb3 Qe7 23. Qc3 a4 24. Nc1 Rec8 25. a3 Rd8 26. Rxd8
Rxd8 27. Rxd8 Qxd8 28. Qd3 Qe7 29. Qe3 Qc5 30. Nd2 Bc8 31. Nd3 1/2-1/2

[Event "38th TCh-GRE DivA"]
[Site "Peristeri GRE"]
[Date "2010.07.09"]
[Round "5"]
[White "Noutsos,S"]
[Black "Palaskos,A"]
[Result "1-0"]
[WhiteElo "1575"]
[BlackElo "1760"]
[EventDate "2010.07.05"]

1. d4 Nf6 2. c4 g6 3. Nc3 d5 4. Bg5 Ne4 5. Nxe4 dxe4 6. e3 Bg7 7. Qc2 c5 8.
Ne2 h6 9. Bh4 Nc6 10. a3 Qa5+ 11. Qc3 Qb6 12. O-O-O O-O 13. Qc2 g5 14. Bg3
Bf5 15. d5 Ne5 16. Bxe5 Bxe5 17. Ng3 Bg6 18. Be2 f5 19. Kb1 Qd6 20. Nf1 a6
21. h4 g4 22. Nd2 h5 23. Rhf1 b5 24. cxb5 axb5 25. Bxb5 Qb6 26. Nc4 Qxb5
27. Nxe5 Bf7 28. Nxf7 Rxf7 29. Ka2 c4 30. Rc1 Rb8 31. Rfd1 Rff8 32. Rd2
Rfc8 33. Qc3 Qa6 34. Qe5 Qb5 35. Qe6+ Kh8 36. Qh6+ Kg8 37. Qg6+ Kh8 38.
Qxh5+ Kg7 39. Qg5+ Kh8 40. Qh6+ Kg8 41. Qe6+ Kh8 42. Qe5+ Kg8 43. Qc3 Qa6
44. Rcc2 Rb3 45. Qe5 Qb7 46. d6 Rxa3+ 47. bxa3 Qb3+ 48. Ka1 Qxa3+ 49. Kb1
Rb8+ 50. Rb2 Ra8 51. Qe6+ Kh8 52. Qxc4 Qa1+ 53. Kc2 1-0

[Event "38th TCh-GRE DivA"]
[Site "Peristeri GRE"]
[Date "2010.07.09"]
[Round "5"]
[White "Nielsen,PH"]
[Black "Kempinski,R"]
[Result "0-1"]
[WhiteElo "2700"]
[BlackElo "2612"]
[EventDate "2010.07.05"]

1. Nf3 Nf6 2. c4 g6 3. Nc3 Bg7 4. e4 O-O 5. d4 c6 6. Be2 d5 7. e5 Ne4 8.
O-O Nxc3 9. bxc3 dxc4 10. Bxc4 c5 11. Ng5 cxd4 12. cxd4 Nc6 13. Be3 Na5 14.
Bd3 h6 15. Nf3 Be6 16. h4 Bg4 17. Be2 e6 18. Rc1 Nc6 19. Qd2 Bxf3 20. Bxf3
Qxh4 21. g3 Qd8 22. Rfd1 Rc8 23. Bxc6 Rxc6 24. Rxc6 bxc6 25. Bxh6 Bxh6 26.
Qxh6 Qd5 27. Qh1 Rd8 28. Qxd5 Rxd5 29. Rc1 Rxd4 30. Rxc6 Ra4 31. Rc2 g5 32.
Kg2 Kg7 33. Kh3 Kg6 34. g4 Ra5 35. Re2 Kg7 36. Kg3 Ra3+ 37. f3 Ra5 38. Kh3
Kf8 39. Kg3 a6 40. Kf2 Ke7 41. Kg3 Kd7 42. Re3 Rxa2 43. Rd3+ Ke7 44. Rb3
Ra5 45. Rb7+ Kf8 46. Rb8+ Kg7 47. Ra8 f6 48. exf6+ Kxf6 49. Ra7 Ra2 50. Ra8
a5 51. Rf8+ Kg7 52. Ra8 a4 53. Ra7+ Kf6 54. Ra5 Ra1 55. Kg2 a3 56. Kh2 e5
57. Ra6+ Kf7 58. Kg2 Ke7 59. Ra8 Kd7 60. Ra5 Kd6 61. Kh2 Kc6 62. Rxe5 Kb6
63. Re6+ Kb5 64. Re5+ Kb4 65. Re4+ Kb3 66. Re3+ Kc2 67. Re2+ Kc3 68. Re3+
Kd2 69. Re5 Rf1 70. Ra5 Rxf3 71. Rxg5 Kc2 72. Ra5 Kb2 73. g5 a2 74. g6 Rf6
75. Rb5+ Ka3 76. Ra5+ Kb3 77. Rb5+ Ka4 78. Rb8 Rxg6 79. Ra8+ Kb3 0-1

[Event "38th TCh-GRE DivA"]
[Site "Peristeri GRE"]
[Date "2010.07.09"]
[Round "5"]
[White "Georgiadis,I"]
[Black "Cmilyte,V"]
[Result "1-0"]
[WhiteElo "2457"]
[BlackElo "2527"]
[EventDate "2010.07.05"]

1. e4 e5 2. Nf3 Nc6 3. Bb5 g6 4. d4 exd4 5. c3 Nge7 6. cxd4 d5 7. exd5 Nxd5
8. O-O Bg7 9. Re1+ Be6 10. Bg5 Qd6 11. Nbd2 O-O 12. Nc4 Qb4 13. Bxc6 bxc6
14. Qc1 Rfe8 15. Nce5 f6 16. Bd2 Qd6 17. Nxc6 g5 18. h3 h5 19. Qc5 g4 20.
hxg4 hxg4 21. Qxd6 cxd6 22. Nh4 Kf7 23. Nb4 Rh8 24. Nxd5 Bxd5 25. Nf5 Rh7
26. Nxd6+ Kg6 27. Re8 Bf8 28. Rxa8 Bxd6 29. Rc8 Rh2 30. Rac1 Bxg2 31. Rh8
Bh3 32. Rc6 Rg2+ 33. Kf1 Rh2+ 34. Ke2 g3 35. Rxh3 g2 36. Rc1 Rxh3 37. Rg1
Rh2 38. Kf3 Kf5 39. Bc3 Rh1 40. Rxg2 Ra1 41. Rg7 Rxa2 42. Rb7 a6 43. Rb6
Bh2 44. Rc6 Ra4 45. Rc5+ Ke6 46. Ke4 Bd6 47. Rh5 Be7 48. f4 Ra2 49. f5+ Kd7
50. Rh7 a5 51. Kd5 Ra1 52. Kc4 Rc1 53. Kd3 Rd1+ 54. Kc2 Rf1 55. Bxa5 Ke8
56. Rh5 Kd7 57. Kd3 Bd6 58. Bc3 Bf4 59. Rh7+ Kd6 60. Ra7 Bg5 61. Ra6+ Kc7
62. Ra5 Kb6 63. Kc4 Rc1 64. Rc5 Rf1 65. Ba5+ Ka6 66. b4 Rc1+ 67. Kd5 Rf1
68. Kc6 Bd2 69. Rc2 Be3 70. Bb6 1-0

[Event "38th TCh-GRE DivA"]
[Site "Peristeri GRE"]
[Date "2010.07.09"]
[Round "5"]
[White "Moutousis,K"]
[Black "Goumas,G"]
[Result "1-0"]
[WhiteElo "2450"]
[BlackElo "2298"]
[EventDate "2010.07.05"]

1. Nf3 d6 2. d4 Bg4 3. e4 Nf6 4. Nbd2 e6 5. Be2 Nbd7 6. O-O Be7 7. c4 O-O
8. b3 c6 9. Bb2 d5 10. Ne1 Bxe2 11. Qxe2 dxe4 12. Nxe4 c5 13. Nf3 cxd4 14.
Bxd4 Qc7 15. Rfe1 Nxe4 16. Qxe4 Bf6 17. Rad1 Rfd8 18. Be3 Nf8 19. g3 Ng6
20. h4 h6 21. Nd4 Qa5 22. Qxb7 Rab8 23. Qe4 Qxa2 24. Ra1 Qb2 25. Nc6 Qxb3
26. Rab1 1-0

[Event "38th TCh-GRE DivA"]
[Site "Peristeri GRE"]
[Date "2010.07.09"]
[Round "5"]
[White "Sigalas,F"]
[Black "Kotrotsos,V"]
[Result "0-1"]
[WhiteElo "2276"]
[BlackElo "2337"]
[EventDate "2010.07.05"]

1. e4 c5 2. Nf3 d6 3. d4 cxd4 4. Nxd4 Nf6 5. Nc3 a6 6. Bc4 e6 7. Bb3 Nbd7
8. Bg5 Qa5 9. Bxf6 Nxf6 10. O-O Be7 11. f4 Qc5 12. Kh1 b5 13. Qd3 O-O 14.
f5 e5 15. Nde2 Bb7 16. Nd5 Bxd5 17. Bxd5 Nxd5 18. exd5 Rac8 19. c3 Qc4 20.
Qxc4 Rxc4 21. b3 Rc5 22. Rfd1 g6 23. Ng3 Rxc3 24. f6 Bd8 25. Ne4 Re3 26.
Re1 Bb6 27. Rxe3 Bxe3 28. Re1 Bh6 29. g4 Bf4 30. Re2 Rc8 31. Nxd6 Rc5 32.
b4 Rxd5 33. Rc2 Rd1+ 34. Kg2 Rd2+ 35. Rxd2 Bxd2 36. Ne8 Bxb4 37. Nc7 Bd6
38. Nxa6 Kf8 39. Kf3 Ke8 40. Ke4 Kd7 41. Kd5 h5 42. gxh5 gxh5 43. h3 h4 44.
Nc5+ Bxc5 45. Kxc5 e4 46. Kd4 Ke6 47. Kxe4 Kxf6 48. Kf4 b4 49. Kg4 Ke5 50.
Kxh4 Kf4 51. Kh5 f5 52. h4 Ke4 53. Kg6 f4 54. h5 f3 55. h6 f2 56. h7 f1=Q
57. h8=Q Qf5+ 0-1

[Event "38th TCh-GRE DivA"]
[Site "Peristeri GRE"]
[Date "2010.07.09"]
[Round "5"]
[White "Grigoriadis,A"]
[Black "Kaforos,D"]
[Result "1-0"]
[WhiteElo "2330"]
[BlackElo "2214"]
[EventDate "2010.07.05"]

1. c4 c5 2. Nc3 Nc6 3. g3 d6 4. Bg2 g6 5. Nf3 Bg7 6. a3 Nf6 7. Rb1 O-O 8.
O-O d5 9. cxd5 Nxd5 10. Nxd5 Qxd5 11. d3 Qd6 12. Bf4 e5 13. Be3 Nd4 14.
Nxd4 cxd4 15. Bd2 Qb6 16. Qa4 Bg4 17. Rfe1 Rac8 18. h3 Be6 19. b4 Rfd8 20.
b5 Rd7 21. Rec1 Rdc7 22. Rxc7 Qxc7 23. Rc1 Qb6 24. Rxc8+ Bxc8 25. Qc4 Be6
26. Bd5 Bxd5 27. Qc8+ Bf8 28. Bb4 h5 29. Qxf8+ Kh7 30. Bd2 Qxb5 31. f3 Qc6
32. Bg5 Qe6 33. g4 hxg4 34. hxg4 a6 35. Be7 Qc6 36. Kf2 Qe6 37. Qd8 Bc6 38.
Bf6 Be8 39. Kg3 g5 40. Bxg5 f5 41. gxf5 Qxf5 42. Qf6 Bd7 43. Qxf5+ Bxf5 44.
Bf6 e4 45. fxe4 Bg6 46. Bxd4 Bh5 47. Kf2 Kg6 48. Bb6 Kf6 49. d4 Ke6 50. Ke3
Kd6 51. d5 Ke5 52. Kd3 Bg6 53. Bc7+ Kf6 54. Kd4 b5 55. e5+ Ke7 56. e6 Kf6
57. e4 Bh5 58. Bd8+ Kg7 59. d6 Be2 60. d7 1-0

[Event "38th TCh-GRE DivA"]
[Site "Peristeri GRE"]
[Date "2010.07.09"]
[Round "5"]
[White "Fatourou,E"]
[Black "Petsetidi,M"]
[Result "1-0"]
[WhiteElo "1896"]
[BlackElo "1924"]
[EventDate "2010.07.05"]

1. e4 c5 2. g3 Nc6 3. Nf3 g6 4. Bg2 Bg7 5. d3 d6 6. c3 e5 7. O-O Nge7 8. a4
O-O 9. Be3 h6 10. Nfd2 Be6 11. Na3 f5 12. f4 exf4 13. Bxf4 g5 14. Be3 Qd7
15. Kh1 Ne5 16. Ndc4 Ng4 17. exf5 Nxf5 18. Bg1 Nxg3+ 19. hxg3 Qe8 20. Rxf8+
Bxf8 21. Bf3 Qh5+ 22. Kg2 Be7 23. Qd2 Ne3+ 24. Qxe3 Bh3+ 25. Kf2 Rf8 26.
Nd2 g4 27. Qxe7 gxf3 28. Ne4 Qf5 29. Qxd6 Bg4 30. Qxh6 Re8 31. Qf4 Rxe4 32.
Qxe4 Qh5 33. Re1 Qh3 34. Qg6+ 1-0

[Event "38th TCh-GRE DivA"]
[Site "Peristeri GRE"]
[Date "2010.07.09"]
[Round "5"]
[White "Hammer,J"]
[Black "Moradiabadi,E"]
[Result "1-0"]
[WhiteElo "2636"]
[BlackElo "2571"]
[EventDate "2010.07.05"]

1. e4 e5 2. Nf3 Nc6 3. Nc3 Nf6 4. Bb5 Bd6 5. O-O O-O 6. d3 a6 7. Ba4 Re8 8.
a3 h6 9. Be3 Bf8 10. Nd5 d6 11. c4 Bd7 12. h3 Nb8 13. Bb3 Bc6 14. Nh2 Nbd7
15. f4 exf4 16. Rxf4 Bxd5 17. cxd5 Nc5 18. Ba2 a5 19. Qc2 Rc8 20. Raf1 Ncd7
21. Qb3 Be7 22. R4f2 Ne5 23. Bb1 c5 24. dxc6 bxc6 25. d4 Ned7 26. Ng4 a4
27. Qd3 Nxg4 28. hxg4 Nf6 29. g5 hxg5 30. Bxg5 Nh7 31. Bd2 Nf6 32. Qg3 Rb8
33. Bh6 g6 34. e5 Rb3 35. Rf3 dxe5 36. Bxg6 Qxd4+ 37. Kh1 Rxf3 38. Bh7+ 1-0

[Event "38th TCh-GRE DivA"]
[Site "Peristeri GRE"]
[Date "2010.07.09"]
[Round "5"]
[White "Gesos,P"]
[Black "Markidis,K"]
[Result "1-0"]
[WhiteElo "2329"]
[BlackElo "2342"]
[EventDate "2010.07.05"]

1. e4 e6 2. d4 d5 3. Nc3 Nf6 4. Bg5 Bb4 5. e5 h6 6. Bd2 Bxc3 7. bxc3 Ne4 8.
Bd3 Nxd2 9. Qxd2 c5 10. f4 Qa5 11. Nf3 c4 12. Be2 Nd7 13. O-O Nb6 14. Nh4
Na4 15. Rf3 Bd7 16. g3 O-O-O 17. Bf1 Rhg8 18. f5 exf5 19. Nxf5 Bxf5 20.
Rxf5 Qxc3 21. Qxc3 Nxc3 22. Rxf7 Kb8 23. Re1 b5 24. Bh3 b4 25. e6 a5 26. e7
Rde8 27. Ref1 Ne2+ 28. Kg2 Kc7 29. Rf8 Rxe7 30. Rxg8 Nxd4 31. Rf2 Nb5 32.
Rgf8 Nc3 33. R8f7 Rxf7 34. Rxf7+ Kb6 35. Be6 a4 36. Rd7 1-0

[Event "38th TCh-GRE DivA"]
[Site "Peristeri GRE"]
[Date "2010.07.09"]
[Round "5"]
[White "Nikolaou,G"]
[Black "Aggelis,N"]
[Result "1/2-1/2"]
[WhiteElo "2275"]
[BlackElo "2340"]
[EventDate "2010.07.05"]

1. Nf3 Nf6 2. c4 g6 3. b3 Bg7 4. Bb2 O-O 5. g3 b6 6. Bg2 Bb7 7. O-O c5 8.
Nc3 d5 9. Nxd5 Nxd5 10. Bxg7 Kxg7 11. cxd5 Qxd5 12. d4 Na6 13. Nh4 Qd7 14.
dxc5 Qxd1 15. Rfxd1 Bxg2 16. Kxg2 Nxc5 17. Nf3 Rfd8 18. Rac1 Rac8 19. Ne5
Kf6 20. Nd7+ Nxd7 21. Rxc8 Rxc8 22. Rxd7 a5 23. Rb7 Rc6 24. Kf3 e6 25. h4
Rc2 26. Rxb6 Rxa2 27. Rb5 h5 28. e3 Ke7 29. Rb7+ Kf6 30. Rb5 Ra3 31. Ke4 a4
1/2-1/2

[Event "38th TCh-GRE DivA"]
[Site "Peristeri GRE"]
[Date "2010.07.09"]
[Round "5"]
[White "Kofidis,S"]
[Black "Gavrilidis,G"]
[Result "0-1"]
[WhiteElo "2217"]
[BlackElo "2126"]
[EventDate "2010.07.05"]

1. e4 c5 2. Nf3 d6 3. d4 cxd4 4. Nxd4 Nf6 5. Nc3 g6 6. Be3 Bg7 7. f3 O-O 8.
Qd2 Nc6 9. g4 Be6 10. g5 Nh5 11. Nxe6 fxe6 12. Bh3 Ne5 13. Bxe6+ Kh8 14.
O-O-O Nxf3 15. Qd5 Nf4 16. Bxf4 Rxf4 17. Rdf1 Qb6 18. Nd1 Raf8 19. c3 Be5
20. h4 Nxh4 21. Rfg1 Qc6 22. Rh3 Nf3 23. Rgg3 Nd4 24. Qxc6 Nxc6 25. Rg2 0-1